000 00840nam a22002415i 4500
001 176401
003 ES-MaACL
005 20230906220053.0
008 110113s1964 sp a |||| | spa d
080 _a616-053.2
100 0 _aSeringe, Philippe.
_9144708
245 1 4 _aLas consultas diarias en pediatría /
_cpor Philippe Seringe y Bernard Plainfossé ; versión española de J. C. Rodríguez Ferrera.
260 _aBarcelona :
_bToray-Masson,
_cD. L. 1964.
300 _aXI, 232 p. :
_bil. bl. y n. ;
_c22 cm.
490 1 _aLas consultas diarias ;
_v5
500 _aÍndice.
650 0 4 _aPediatría.
_9136672
700 1 _aPlainfossé, Bernard.
_9144709
700 0 _aRodríguez Ferrera, J. C.
_9144710
830 0 _aLas consultas diarias ;
_v5
_9190025
852 _aES-MaACL
_jE-14034
_xOlim P-210-Ter
999 _c176401
_d176401